[Event "Zupanja op"]
[Site "Zupanja"]
[Date "2014.08.24"]
[Round "9"]
[White "Kovacevic, Stevo"]
[Black "Kutuzovic, Branko"]
[Result "0-1"]
[WhiteElo "2033"]
[BlackElo "2334"]
[PlyCount "86"]
[EventDate "2014.08.24"]
[EventType "swiss"]
[EventRounds "9"]
[EventCountry "CRO"]
[SourceTitle "EXT 2016"]
[Source "ChessBase"]
[SourceDate "2015.10.08"]
[SourceVersion "1"]
[SourceVersionDate "2015.10.08"]
[SourceQuality "1"]

1. f4 g6 2. Nf3 Bg7 3. e3 d5 4. Be2 Nf6 5. 0-0 0-0 6. d3 c5 7. h3 Nc6 8. Nc3 Qc7 9. a3 e5 10. fxe5 Nxe5 11. Nxe5 Qxe5 12. Bf3 Be6 13. Bd2 Rad8 14. e4 dxe4 15. Nxe4 Nxe4 16. Bxe4 Qxb2 17. Rb1 Qd4+ 18. Kh1 b6 19. Qf3 Qa4 20. Bg5 Rc8 21. Bf6 Bxf6 22. Qxf6 Qd4 23. c3 Qxf6 24. Rxf6 Kg7 25. Rbf1 Rcd8 26. Kg1 Bf5 27. R6xf5 gxf5 28. Bxf5 Rfe8 29. c4 Re2 30. Ra1 Rd6 31. Kf1 Rd2 32. a4 Rf6 33. g4 Rxd3 34. Kg2 Rc3 35. a5 Rxc4 36. axb6 axb6 37. Rb1 Rb4 38. Rc1 c4 39. Rc2 b5 40. Kg3 Rb3+ 41. Kg2 c3 42. Bd3 b4 43. g5 Rd6 0-1

[Event "CRO-chT1A 19th"]
[Site "Sibenik"]
[Date "2010.09.09"]
[Round "6"]
[White "Fercec, Nenad"]
[Black "Kutuzovic, Branko"]
[Result "1-0"]
[WhiteElo "2498"]
[BlackElo "2334"]
[PlyCount "63"]
[EventDate "2010.09.04"]
[EventType "team-tourn"]
[EventRounds "9"]
[EventCountry "CRO"]
[SourceTitle "CBM 138 Extra"]
[Source "ChessBase"]
[SourceDate "2010.10.29"]
[SourceVersion "1"]
[SourceVersionDate "2010.10.29"]
[SourceQuality "1"]

1. e4 c5 2. Nf3 d6 3. d4 cxd4 4. Nxd4 Nf6 5. Nc3 a6 6. Bg5 e6 7. f4 Qb6 8. Qd3 Qxb2 9. Rb1 Qa3 10. f5 Nc6 11. fxe6 fxe6 12. Nxc6 bxc6 13. Be2 Qa5 14. Bxf6 gxf6 15. 0-0 Be7 16. Bg4 0-0 17. Kh1 Ra7 18. Ne2 f5 19. exf5 exf5 20. Bh3 Qd5 21. Qg3+ Kh8 22. Nf4 Qc4 23. Nh5 Rg8 24. Qf2 c5 25. Rb8 Qh4 26. Qf3 Qc4 27. Bxf5 Rc7 28. h3 Rf8 29. Rf2 Bh4 30. Bxc8 Rfxc8 31. Qf8+ Qg8 32. Qxd6 1-0

[Event "CRO-chT1A 18th"]
[Site "Sibenik"]
[Date "2009.09.29"]
[Round "9"]
[White "Petrov, Jole"]
[Black "Kutuzovic, Branko"]
[Result "1-0"]
[WhiteElo "2436"]
[BlackElo "2321"]
[PlyCount "85"]
[EventDate "2009.09.21"]
[EventType "team-tourn"]
[EventRounds "9"]
[EventCountry "CRO"]
[SourceTitle "CBM 132 Extra"]
[Source "ChessBase"]
[SourceDate "2009.11.03"]
[SourceVersion "1"]
[SourceVersionDate "2009.11.03"]
[SourceQuality "1"]

1. Nf3 Nf6 2. c4 b6 3. g3 Bb7 4. Bg2 e6 5. Nc3 Be7 6. 0-0 0-0 7. Re1 d5 8. Ne5 c6 9. d4 Nbd7 10. Bf4 Nh5 11. Bd2 Nhf6 12. Bf4 Nh5 13. Bd2 Nhf6 14. e4 dxc4 15. Nxc4 b5 16. Ne3 Nb6 17. e5 Nfd5 18. Ne4 Nxe3 19. Bxe3 Nd5 20. Rc1 Nxe3 21. Rxe3 Qb6 22. Nc5 Bxc5 23. dxc5 Qc7 24. Qd6 Qc8 25. Qd2 Qc7 26. Qd6 Qc8 27. Qd2 Qc7 28. Rd1 Rad8 29. Qc2 Rxd1+ 30. Qxd1 Rd8 31. Rd3 Rxd3 32. Qxd3 Kf8 33. f4 g6 34. Qd6+ Qxd6 35. exd6 f6 36. Kf2 Ke8 37. Ke3 Kd7 38. b4 Ke8 39. Kd4 Kf7 40. g4 h6 41. h4 Kf8 42. g5 hxg5 43. fxg5 1-0

[Event "CRO-chT1A 18th"]
[Site "Sibenik"]
[Date "2009.09.27"]
[Round "7"]
[White "Sulava, Nenad"]
[Black "Kutuzovic, Branko"]
[Result "1/2-1/2"]
[WhiteElo "2540"]
[BlackElo "2321"]
[PlyCount "89"]
[EventDate "2009.09.21"]
[EventType "team-tourn"]
[EventRounds "9"]
[EventCountry "CRO"]
[SourceTitle "CBM 132 Extra"]
[Source "ChessBase"]
[SourceDate "2009.11.03"]
[SourceVersion "1"]
[SourceVersionDate "2009.11.03"]
[SourceQuality "1"]

1. d4 Nf6 2. Nf3 e6 3. e3 b6 4. Bd3 Bb7 5. 0-0 d5 6. c4 dxc4 7. Bxc4 a6 8. Nc3 Nbd7 9. e4 b5 10. Bb3 b4 11. e5 bxc3 12. exf6 Nxf6 13. Ba4+ c6 14. Qb3 Rb8 15. Qxc3 Rc8 16. Ne5 Bd6 17. Nc4 0-0 18. Nxd6 Qxd6 19. Qc5 Rfd8 20. Qxd6 Rxd6 21. Be3 Nd5 22. Rac1 h6 23. Rc5 f5 24. Rd1 Kf7 25. Rd3 Rcd8 26. g3 g5 27. Bd1 Nf6 28. Rb3 R8d7 29. Be2 Rd5 30. f3 Rxc5 31. dxc5 e5 32. Bc4+ Kg6 33. Kf1 h5 34. Ke2 f4 35. Bd2 Kf5 36. Bd3+ Ke6 37. gxf4 gxf4 38. Bc4+ Kf5 39. Bd3+ Ke6 40. Be1 Rg7 41. Kf2 Kd5 42. Rc3 Ke6 43. Bc4+ Kf5 44. Bd3+ Ke6 45. Bc4+ 1/2-1/2

[Event "CRO-chT1A 18th"]
[Site "Sibenik"]
[Date "2009.09.23"]
[Round "3"]
[White "Kutuzovic, Branko"]
[Black "Bilobrk, Franjo"]
[Result "1/2-1/2"]
[WhiteElo "2321"]
[BlackElo "2361"]
[PlyCount "48"]
[EventDate "2009.09.21"]
[EventType "team-tourn"]
[EventRounds "9"]
[EventCountry "CRO"]
[SourceTitle "CBM 132 Extra"]
[Source "ChessBase"]
[SourceDate "2009.11.03"]
[SourceVersion "1"]
[SourceVersionDate "2009.11.03"]
[SourceQuality "1"]

1. e4 e5 2. Nf3 Nf6 3. Nxe5 d6 4. Nf3 Nxe4 5. Nc3 Nxc3 6. dxc3 Be7 7. Bf4 0-0 8. Qd2 Nd7 9. 0-0-0 Nc5 10. Nd4 Re8 11. f3 Ne6 12. Be3 Bg5 13. f4 Nxd4 14. fxg5 Nc6 15. h4 Bg4 16. Re1 Qd7 17. Bb5 Re5 18. Bxc6 Qxc6 19. Bf4 Rxe1+ 20. Rxe1 Re8 21. Rxe8+ Qxe8 22. b3 Qe4 23. Qe3 Bf5 24. Qxe4 Bxe4 1/2-1/2

[Event "CRO-chT1A 17th"]
[Site "Sibenik"]
[Date "2008.10.05"]
[Round "9"]
[White "Kutuzovic, Branko"]
[Black "Bukal, Vladimir Jr"]
[Result "1/2-1/2"]
[WhiteElo "2313"]
[BlackElo "2394"]
[PlyCount "22"]
[EventDate "2008.09.27"]
[EventType "team"]
[EventRounds "9"]
[EventCountry "CRO"]
[SourceTitle "CBM 126 Extra"]
[Source "ChessBase"]
[SourceDate "2008.11.05"]
[SourceVersion "1"]
[SourceVersionDate "2008.11.05"]
[SourceQuality "1"]

1. d4 d5 2. Nf3 Nf6 3. g3 Bf5 4. Bg2 e6 5. 0-0 Nbd7 6. b3 c6 7. Bb2 h6 8. c4 Be7 9. Nc3 0-0 10. Rc1 Ne4 11. Nxe4 Bxe4 1/2-1/2

[Event "SLO-chT2"]
[Site "Ljubljana"]
[Date "2007.11.24"]
[Round "8.2"]
[White "Skok, Boris"]
[Black "Kutuzovic, Branko"]
[Result "1/2-1/2"]
[WhiteElo "2077"]
[BlackElo "2324"]
[PlyCount "38"]
[EventDate "2007.11.15"]
[EventType "team"]
[EventRounds "9"]
[EventCountry "SLO"]
[SourceTitle "CBM 121 Extra"]
[Source "ChessBase"]
[SourceDate "2008.01.10"]
[SourceVersion "1"]
[SourceVersionDate "2008.01.10"]
[SourceQuality "1"]
[WhiteTeam "Komenda"]
[BlackTeam "Domzale"]
[WhiteTeamCountry "SLO"]
[BlackTeamCountry "SLO"]

1. d4 Nf6 2. c4 e6 3. Nf3 c5 4. d5 exd5 5. cxd5 d6 6. Nc3 g6 7. e4 a6 8. a4 Bg4 9. h3 Bxf3 10. Qxf3 Nbd7 11. Qd1 Qe7 12. Bd3 Bg7 13. 0-0 0-0 14. Re1 Rab8 15. a5 Ne8 16. Bf1 Qd8 17. Bd2 Nc7 18. Qc2 Re8 19. f4 Bd4+ 1/2-1/2

[Event "CRO-chT"]
[Site "Sibenik"]
[Date "2007.10.21"]
[Round "9"]
[White "Zelic, Mladen"]
[Black "Kutuzovic, Branko"]
[Result "1/2-1/2"]
[WhiteElo "2286"]
[BlackElo "2324"]
[PlyCount "89"]
[EventDate "2007.10.13"]
[EventType "team"]
[EventRounds "9"]
[EventCountry "CRO"]
[SourceTitle "EXT 2008"]
[Source "ChessBase"]
[SourceDate "2007.11.25"]
[SourceVersion "1"]
[SourceVersionDate "2007.11.25"]
[SourceQuality "1"]

1. e4 c5 2. d4 cxd4 3. c3 dxc3 4. Nxc3 Nc6 5. Nf3 d6 6. Bc4 a6 7. 0-0 Nf6 8. Bf4 Bg4 9. h3 Bxf3 10. Qxf3 e6 11. Rfd1 Qa5 12. Qe2 Rd8 13. a3 Ne5 14. b4 Qc7 15. Bxe5 dxe5 16. Rac1 Rxd1+ 17. Qxd1 Qd7 18. Qb3 Be7 19. Rd1 Qc8 20. a4 0-0 21. a5 Qc7 22. Rc1 Rc8 23. Ne2 Qd6 24. b5 axb5 25. Qxb5 Rc7 26. Bd3 g6 27. Rxc7 Qxc7 28. a6 bxa6 29. Qxa6 Bc5 30. Ng3 h5 31. Qc4 Qb6 32. Qc2 h4 33. Nf1 Nh5 34. Nh2 Nf4 35. Bf1 f6 36. Ng4 Kg7 37. Qa4 Qc7 38. Nh2 Ba7 39. Nf3 g5 40. Qc4 Bc5 41. Qc2 Qb6 42. Ne1 Bd4 43. Nd3 Kf7 44. Nxf4 exf4 45. Bc4 1/2-1/2

[Event "CRO-chT"]
[Site "Sibenik"]
[Date "2007.10.13"]
[Round "1"]
[White "Glavas, Dragan"]
[Black "Kutuzovic, Branko"]
[Result "0-1"]
[WhiteElo "2347"]
[BlackElo "2324"]
[PlyCount "56"]
[EventDate "2007.10.13"]
[EventType "team"]
[EventRounds "9"]
[EventCountry "CRO"]
[SourceTitle "EXT 2008"]
[Source "ChessBase"]
[SourceDate "2007.11.25"]
[SourceVersion "1"]
[SourceVersionDate "2007.11.25"]
[SourceQuality "1"]

1. d4 Nf6 2. c4 e6 3. Nc3 Bb4 4. Qc2 Nc6 5. Nf3 d6 6. Bg5 h6 7. Bxf6 Qxf6 8. e3 0-0 9. a3 Bxc3+ 10. Qxc3 e5 11. d5 Ne7 12. Nd2 Qg6 13. g3 c6 14. dxc6 Nxc6 15. Bg2 Be6 16. 0-0 Rac8 17. b4 b6 18. Rac1 Rfd8 19. Rfd1 f5 20. f4 e4 21. Bf1 Qf7 22. Nb3 b5 23. Nd4 Nxd4 24. Rxd4 bxc4 25. Bxc4 Kh8 26. Kg2 Rf8 27. Bxe6 Rxc3 28. Bxf7 Rxc1 0-1

[Event "CRO-chT 15th"]
[Site "Sibenik"]
[Date "2006.09.28"]
[Round "7"]
[White "Ljubicic, Filip"]
[Black "Kutuzovic, Branko"]
[Result "1/2-1/2"]
[WhiteElo "2417"]
[BlackElo "2324"]
[PlyCount "26"]
[EventDate "2006.09.22"]
[EventType "team"]
[EventRounds "11"]
[EventCountry "CRO"]
[SourceTitle "CBM 114 Extra"]
[Source "ChessBase"]
[SourceDate "2006.11.03"]
[SourceVersion "1"]
[SourceVersionDate "2006.11.03"]
[SourceQuality "1"]

1. e4 e5 2. Nf3 Nc6 3. Bb5 a6 4. Ba4 Nf6 5. 0-0 Be7 6. Re1 b5 7. Bb3 d6 8. c3 0-0 9. h3 Na5 10. Bc2 c5 11. d4 Qc7 12. Nbd2 cxd4 13. cxd4 Bd7 1/2-1/2

[Event "CRO-chT 15th"]
[Site "Sibenik"]
[Date "2006.09.26"]
[Round "5"]
[White "Dreev, Alexey"]
[Black "Kutuzovic, Branko"]
[Result "1-0"]
[WhiteElo "2666"]
[BlackElo "2324"]
[PlyCount "67"]
[EventDate "2006.09.22"]
[EventType "team"]
[EventRounds "11"]
[EventCountry "CRO"]
[SourceTitle "CBM 114 Extra"]
[Source "ChessBase"]
[SourceDate "2006.11.03"]
[SourceVersion "1"]
[SourceVersionDate "2006.11.03"]
[SourceQuality "1"]

1. d4 Nf6 2. c4 c5 3. d5 b5 4. cxb5 a6 5. b6 e6 6. Nc3 Bb7 7. e4 exd5 8. exd5 d6 9. a4 a5 10. Bb5+ Nbd7 11. Nge2 Be7 12. 0-0 0-0 13. Re1 Nxb6 14. Nf4 Rc8 15. Qf3 Nfd7 16. Bd2 Ne5 17. Qe4 Bg5 18. Rad1 g6 19. Qc2 Be7 20. Ne4 Ra8 21. Bc3 Nbd7 22. Qd2 Bc8 23. Re2 Ra7 24. Rde1 Qb6 25. Nd3 Nxd3 26. Qxd3 Ne5 27. Qg3 f5 28. Nxd6 Bxd6 29. Rxe5 f4 30. Qg5 f3 31. Re8 Raf7 32. Rxf8+ Rxf8 33. Re7 Rf5 34. Qh6 1-0

[Event "Zagreb op"]
[Site "Zagreb"]
[Date "2006.01.19"]
[Round "6"]
[White "Lasic, Luka"]
[Black "Kutuzovic, Branko"]
[Result "1/2-1/2"]
[WhiteElo "2273"]
[BlackElo "2327"]
[PlyCount "24"]
[EventDate "2006.01.14"]
[EventType "swiss"]
[EventRounds "9"]
[EventCountry "CRO"]
[SourceTitle "CBM 110 Extra"]
[Source "ChessBase"]
[SourceDate "2006.03.10"]
[SourceVersion "2"]
[SourceVersionDate "2006.03.10"]
[SourceQuality "1"]

1. Nf3 c5 2. c4 Nc6 3. Nc3 g6 4. g3 Bg7 5. d3 b6 6. Bg2 Bb7 7. 0-0 d6 8. Bg5 Qd7 9. Qd2 e6 10. e4 Nd4 11. Rab1 h6 12. Be3 Ne7 1/2-1/2

[Event "Zadar op 12th"]
[Site "Zadar"]
[Date "2005.12.14"]
[Round "4"]
[White "Nikolov, Momchil"]
[Black "Kutuzovic, Branko"]
[Result "1-0"]
[WhiteElo "2435"]
[BlackElo "2327"]
[PlyCount "71"]
[EventDate "2005.12.12"]
[EventType "swiss"]
[EventRounds "9"]
[EventCountry "CRO"]
[SourceTitle "CBM 109 Extra"]
[Source "ChessBase"]
[SourceDate "2006.01.03"]
[SourceVersion "2"]
[SourceVersionDate "2006.01.03"]
[SourceQuality "1"]

1. e4 c5 2. Nf3 d6 3. d4 cxd4 4. Nxd4 Nf6 5. Nc3 g6 6. Be3 Bg7 7. f3 0-0 8. Qd2 Nc6 9. g4 Be6 10. 0-0-0 Nxd4 11. Bxd4 Qa5 12. a3 Rab8 13. h4 b5 14. Nd5 Qxd2+ 15. Rxd2 Bxd5 16. exd5 a5 17. Be3 Nd7 18. h5 Rfc8 19. h6 Bh8 20. g5 Nc5 21. Rd1 b4 22. axb4 axb4 23. Rh4 Kf8 24. Rc4 Rb6 25. f4 Rc7 26. Bh3 Rb8 27. Bf1 Rb6 28. c3 Ke8 29. cxb4 Rxb4 30. Rxb4 Nd3+ 31. Kb1 Nxb4 32. Bb5+ Kf8 33. Bd4 Bxd4 34. Rxd4 Nc2 35. Re4 Rb7 36. Ra4 1-0

[Event "SLO-chT"]
[Site "Bled"]
[Date "2005.11.06"]
[Round "5"]
[White "Kutuzovic, Branko"]
[Black "Furlan, Miha"]
[Result "1/2-1/2"]
[WhiteElo "2327"]
[BlackElo "2325"]
[PlyCount "23"]
[EventDate "2005.11.03"]
[EventType "team"]
[EventRounds "9"]
[EventCountry "SLO"]
[SourceTitle "CBM 109 Extra"]
[Source "ChessBase"]
[SourceDate "2006.01.03"]
[SourceVersion "2"]
[SourceVersionDate "2006.01.03"]
[SourceQuality "1"]

1. e4 e6 2. d4 d5 3. Nd2 c5 4. exd5 Qxd5 5. Ngf3 cxd4 6. Bc4 Qd6 7. 0-0 Nf6 8. Nb3 Nc6 9. Nbxd4 Nxd4 10. Nxd4 a6 11. Bb3 Qc7 12. Qf3 1/2-1/2

[Event "SLO-chT"]
[Site "Bled"]
[Date "2005.11.05"]
[Round "4"]
[White "Simoncic, Silvo"]
[Black "Kutuzovic, Branko"]
[Result "1/2-1/2"]
[WhiteElo "2174"]
[BlackElo "2327"]
[PlyCount "30"]
[EventDate "2005.11.03"]
[EventType "team"]
[EventRounds "9"]
[EventCountry "SLO"]
[SourceTitle "CBM 109 Extra"]
[Source "ChessBase"]
[SourceDate "2006.01.03"]
[SourceVersion "2"]
[SourceVersionDate "2006.01.03"]
[SourceQuality "1"]

1. e4 c5 2. Nf3 d6 3. d4 cxd4 4. Nxd4 Nf6 5. Nc3 Nc6 6. Bg5 e6 7. Qd2 a6 8. 0-0-0 Bd7 9. Kb1 Rc8 10. f3 Be7 11. g4 0-0 12. h4 b5 13. Nxc6 Bxc6 14. Bd3 Qc7 15. Ne2 Rfd8 1/2-1/2

[Event "CRO-chT"]
[Site "Sibenik"]
[Date "2005.10.09"]
[Round "11.2"]
[White "Pavasovic, Dusko"]
[Black "Kutuzovic, Branko"]
[Result "1-0"]
[WhiteElo "2527"]
[BlackElo "2327"]
[PlyCount "135"]
[EventDate "2005.10.01"]
[EventType "team"]
[EventRounds "11"]
[EventCountry "CRO"]
[SourceTitle "CBM 108 Extra"]
[Source "ChessBase"]
[SourceDate "2005.11.04"]
[SourceVersion "1"]
[SourceVersionDate "2005.11.04"]
[SourceQuality "1"]

1. e4 c5 2. Nf3 d6 3. Bb5+ Nc6 4. 0-0 Bd7 5. Re1 Nf6 6. c3 a6 7. Ba4 b5 8. Bc2 e5 9. h3 Be7 10. d4 Qc7 11. d5 Na5 12. Nbd2 0-0 13. Nf1 Ne8 14. N3h2 g6 15. Bh6 Ng7 16. Ne3 Nb7 17. f4 exf4 18. Bxf4 f6 19. Nf3 Nd8 20. Qd2 Nf7 21. Re2 Rae8 22. Rf1 Bd8 23. g4 Bc8 24. h4 Ne5 25. Rg2 Nxf3+ 26. Rxf3 Re7 27. Bh6 Rff7 28. Rfg3 Re5 29. Nf5 gxf5 30. gxf5 Ree7 31. e5 Rxe5 32. Bxg7 Rxg7 33. Rxg7+ Qxg7 34. Rxg7+ Kxg7 35. Qg2+ Kh8 36. Qg4 Bd7 37. Be4 Be7 38. h5 Bf8 39. Qh4 Kg7 40. h6+ Kf7 41. Qf4 Ke7 42. Kf2 Kd8 43. Kf3 Kc7 44. b4 cxb4 45. cxb4 Kd8 46. Qh4 Ke7 47. Kf4 Be8 48. Ke3 Bd7 49. Kd4 Kf7 50. Qh3 Re8 51. Qh5+ Ke7 52. Bd3 Rb8 53. Be2 Rc8 54. Bd3 Re8 55. a3 Rc8 56. Qh3 Re8 57. Kc3 Kd8 58. Qh4 Ke7 59. Kb3 Ra8 60. Qe4+ Kd8 61. Qg4 Bxh6 62. Qg8+ Be8 63. Qe6 Bf4 64. Qxf6+ Kc7 65. Qg7+ Bd7 66. f6 Be5 67. Bf5 Rd8 68. Qe7 1-0